Systémy menových kurzov v krajinách strednej Európy teoreticke aspekty verzus prakticke skusenosti

Mnohé krajiny sú v súčasnosti vystavené celému komplexu dôsledkov hospodárskej krízy. Nepriaznivý vývoj národných ekonomík je sprevádzaný nárastom neistoty na medzinárodných finančných trhoch. Neurčité očakávania ekonomických subjektov sa premietajú do zvýšenej nestability menových kurzov. Vplyvom m...

Descripción completa

Guardado en:
Detalles Bibliográficos
Autor principal: Mirdala, Rajmund
Formato: Capítulo de libro
Lenguaje:eslovaco
Materias:
Etiquetas: Agregar Etiqueta
Sin Etiquetas, Sea el primero en etiquetar este registro!

MARC

LEADER 00000naa a2200000 4500
001 0165421
005 20231116093202.5
041 0 |a slo 
044 |a SK 
245 1 0 |a Systémy menových kurzov v krajinách strednej Európy  |b teoreticke aspekty verzus prakticke skusenosti  |c Rajmund Mirdala 
520 |a Mnohé krajiny sú v súčasnosti vystavené celému komplexu dôsledkov hospodárskej krízy. Nepriaznivý vývoj národných ekonomík je sprevádzaný nárastom neistoty na medzinárodných finančných trhoch. Neurčité očakávania ekonomických subjektov sa premietajú do zvýšenej nestability menových kurzov. Vplyvom mnohých vonkajších podnetov sa mení aj pôsobenie menových kurzov na domáci ekonomický vývoj. Predmetom odborných diskusií sa preto aj v tejto súvislosti stávajú otázky spojené s vhodnosťou režimov menových kurzov, ktoré jednotlivé krajiny uplatňujú. Možno sa domnievať, že dilema voľby medzi pevnými a pohyblivými menovými kurzami sa v časoch nárastu globálnej ekonomickej neistoty a negatívnych tendencií v celosvetovom hospodárstve stáva opäť vysoko aktuálnou nielen v teoretických, ale aj v hospodársko-politických kruhoch. 
610 2 0 |a kurz menový 
610 2 0 |a režim kurzový 
610 2 0 |a stredná Európa 
610 2 0 |a eurozóna 
610 2 0 |a politika menová 
100 1 |a Mirdala, Rajmund